The building regulations 2000 conservation of fuel and power in dwellings (Record no. 104510)
[ view plain ]
| 000 -LEADER | |
|---|---|
| fixed length control field | 00385cam a2200145 4500 |
| 001 - CONTROL NUMBER | |
| control field | L130668 |
| 008 - FIXED-LENGTH DATA ELEMENTS--GENERAL INFORMATION | |
| fixed length control field | 050823n2005 000 0 eng u |
| 020 ## - INTERNATIONAL STANDARD BOOK NUMBER | |
| International Standard Book Number | 0117539465 |
| 035 ## - SYSTEM CONTROL NUMBER | |
| System control number | (Sirsi) u130668 |
| 245 #4 - TITLE STATEMENT | |
| Title | The building regulations 2000 conservation of fuel and power in dwellings |
| 260 ## - PUBLICATION, DISTRIBUTION, ETC. | |
| Place of publication, distribution, etc. | The Stationery Office Books |
| Date of publication, distribution, etc. | 2005 |
| 350 ## - PRICE (NR) (BK AM CF MU VM SE) [OBSOLETE] | |
| Price | 6.00 |
| 942 ## - ADDED ENTRY ELEMENTS (KOHA) | |
| Suppress in OPAC | 0 |
No items available.